[Event "Regionalliga NO 1112"]
[Site "Bayern"]
[Date "2012.04.15"]
[Round "9.4"]
[White "Kaminskij, Sergej"]
[Black "Burggraf, Michael"]
[Result "0-1"]
[WhiteElo "2023"]
[BlackElo "2054"]
[PlyCount "122"]
[EventDate "2011.10.02"]
[EventType "team-tourn"]
[EventRounds "9"]
[EventCountry "GER"]
[SourceTitle "EXT 2015"]
[Source "ChessBase"]
[SourceDate "2014.11.20"]
[SourceVersion "1"]
[SourceVersionDate "2014.11.20"]
[SourceQuality "1"]
[WhiteTeam "Fuerth"]
[BlackTeam "Forchheim II"]
[WhiteTeamCountry "GER"]
[BlackTeamCountry "GER"]

1. e4 c6 2. Nf3 d5 3. Nc3 dxe4 4. Nxe4 Nd7 5. Bc4 Ngf6 6. Neg5 e6 7. Qe2 Nd5 8. d4 h6 9. Ne4 Be7 10. 0-0 0-0 11. c3 b5 12. Bd3 a6 13. Ne5 Bb7 14. Nxd7 Qxd7 15. Qh5 f5 16. Ng3 Rf7 17. Re1 c5 18. Qe2 cxd4 19. Qxe6 Qxe6 20. Rxe6 dxc3 21. Nxf5 Bf6 22. bxc3 Bxc3 23. Rb1 Rd8 24. Nd6 Nb4 25. Be2 Rfd7 26. Nxb7 Rd1+ 27. Bf1 Rxf1+ 28. Kxf1 Rd1+ 29. Ke2 Re1+ 30. Kf3 Rxe6 31. a3 Nc2 32. Be3 Nxa3 33. Rd1 Nc4 34. Rd8+ Kh7 35. Rc8 Nxe3 36. Rxc3 Nc4 37. Nc5 Rc6 38. Ne4 b4 39. Rb3 a5 40. Ke2 Re6 41. f3 Nd6 42. Kd3 Nxe4 43. fxe4 Kg6 44. Kd4 Kf6 45. Rf3+ Ke7 46. Rf5 Ra6 47. Rb5 a4 48. Rxb4 a3 49. Rb1 a2 50. Ra1 Ke6 51. Kc3 Ke5 52. Kb2 g5 53. h3 Kxe4 54. Re1+ Kf4 55. Ka1 Kg3 56. Re2 Rf6 57. Re4 Kxg2 58. h4 Rf4 59. Re2+ Kg1 60. hxg5 hxg5 61. Re5 g4 0-1

[Event "Regionalliga NO 1112"]
[Site "Bayern"]
[Date "2012.01.15"]
[Round "5.5"]
[White "Kaeck, Ralf"]
[Black "Kaminskij, Sergej"]
[Result "0-1"]
[WhiteElo "2018"]
[BlackElo "2023"]
[PlyCount "90"]
[EventDate "2011.10.02"]
[EventType "team-tourn"]
[EventRounds "9"]
[EventCountry "GER"]
[SourceTitle "EXT 2013"]
[Source "ChessBase"]
[SourceDate "2012.11.22"]
[SourceVersion "1"]
[SourceVersionDate "2012.11.22"]
[SourceQuality "1"]
[WhiteTeam "Windischeschenbach"]
[BlackTeam "Fuerth"]
[WhiteTeamCountry "GER"]
[BlackTeamCountry "GER"]

1. d4 Nf6 2. Nf3 d5 3. e3 Bg4 4. c4 c6 5. Qb3 Qb6 6. Nfd2 e6 7. Nc3 Bf5 8. Qxb6 axb6 9. a3 dxc4 10. e4 Bg6 11. Bxc4 b5 12. Bd3 Nbd7 13. f4 b4 14. Ne2 h5 15. 0-0 h4 16. f5 exf5 17. exf5 Bh5 18. Nf4 bxa3 19. Re1+ Kd8 20. bxa3 Nb6 21. Rb1 Kc7 22. Rb3 Bd6 23. Nc4 Nxc4 24. Bxc4 b5 25. Bf1 Bg4 26. Bd3 Rhe8 27. Rxe8 Rxe8 28. Bd2 Nh5 29. Nxh5 Bxh5 30. d5 Be2 31. Ba5+ Kd7 32. dxc6+ Kxc6 33. Rc3+ Bc5+ 34. Kh1 Bxd3 35. Rxd3 Ra8 36. Be1 Bxa3 37. Kg1 Bc5+ 38. Kf1 Ra4 39. Bd2 b4 40. Ke2 Ra2 41. Rd8 Bd6 42. g3 hxg3 43. hxg3 Bxg3 44. Kd3 b3 45. Bc3 Rf2 0-1

[Event "Regionalliga NO 1011"]
[Site "Bayern"]
[Date "2011.02.27"]
[Round "7.5"]
[White "Kaminskij, Sergej"]
[Black "Grafl, Reinhard"]
[Result "1/2-1/2"]
[WhiteElo "2032"]
[BlackElo "1849"]
[PlyCount "62"]
[EventDate "2010.10.10"]
[EventType "team-tourn"]
[EventRounds "9"]
[EventCountry "GER"]
[SourceTitle "EXT 2012"]
[Source "ChessBase"]
[SourceDate "2011.11.24"]
[SourceVersion "1"]
[SourceVersionDate "2011.11.24"]
[SourceQuality "1"]
[WhiteTeam "Fuerth"]
[BlackTeam "Kelheim II"]
[WhiteTeamCountry "GER"]
[BlackTeamCountry "GER"]

1. e4 Nf6 2. Nc3 d5 3. e5 Nfd7 4. d4 e6 5. Nf3 c5 6. Bb5 Nc6 7. Be3 cxd4 8. Bxd4 a6 9. Ba4 b5 10. Bb3 Qc7 11. 0-0 b4 12. Na4 Ncxe5 13. Nxe5 Nxe5 14. Bxe5 Qxe5 15. Re1 Qc7 16. Bxd5 Bb7 17. Bxb7 Qxb7 18. c4 bxc3 19. Nxc3 Be7 20. Qa4+ Qd7 21. Qe4 0-0 22. Rad1 Qa7 23. Rd3 Bf6 24. Red1 Rad8 25. Qa4 Rxd3 26. Rxd3 Qb6 27. b3 Qc5 28. Qc4 Qxc4 29. bxc4 Rc8 30. Ne4 Rxc4 31. Nxf6+ gxf6 1/2-1/2

[Event "Vilnius Rating"]
[Site "Vilnius"]
[Date "2009.03.10"]
[Round "8"]
[White "Jurgaitis, Skirmantas"]
[Black "Kaminskij, Sergej"]
[Result "1/2-1/2"]
[WhiteElo "2036"]
[BlackElo "2088"]
[PlyCount "59"]
[EventDate "2009.01.13"]
[EventType "tourn"]
[EventRounds "9"]
[EventCountry "LTU"]
[SourceTitle "EXT 2012"]
[Source "ChessBase"]
[SourceDate "2011.11.24"]
[SourceVersion "1"]
[SourceVersionDate "2011.11.24"]
[SourceQuality "1"]

1. e4 Nf6 2. e5 Nd5 3. Nf3 d6 4. exd6 exd6 5. d4 Be7 6. c3 0-0 7. Bd3 Nf6 8. 0-0 Bg4 9. h3 Bh5 10. Bg5 Nbd7 11. Nbd2 c6 12. Re1 Re8 13. Nf1 Nf8 14. Ng3 Bg6 15. Bxg6 hxg6 16. Bxf6 Bxf6 17. d5 Rxe1+ 18. Qxe1 cxd5 19. Rd1 Qb6 20. Qd2 Ne6 21. b3 Rc8 22. Qxd5 Rxc3 23. Qxd6 Qxd6 24. Rxd6 Rc1+ 25. Kh2 Rc2 26. Rd2 Rxd2 27. Nxd2 Be5 28. Kg1 Nc5 29. Nge4 Nxe4 30. Nxe4 1/2-1/2

[Event "Vilnius Rating"]
[Site "Vilnius"]
[Date "2009.02.10"]
[Round "5"]
[White "Poderis, Justinas"]
[Black "Kaminskij, Sergej"]
[Result "0-1"]
[WhiteElo "1963"]
[BlackElo "2088"]
[PlyCount "78"]
[EventDate "2009.01.13"]
[EventType "tourn"]
[EventRounds "9"]
[EventCountry "LTU"]
[SourceTitle "EXT 2012"]
[Source "ChessBase"]
[SourceDate "2011.11.24"]
[SourceVersion "1"]
[SourceVersionDate "2011.11.24"]
[SourceQuality "1"]

1. Nf3 d5 2. g3 Nf6 3. Bg2 c5 4. 0-0 Nc6 5. d3 e6 6. Nbd2 Be7 7. e4 dxe4 8. dxe4 e5 9. c3 0-0 10. Qe2 Qc7 11. Rd1 Rd8 12. h3 h6 13. Ne1 a6 14. Nc2 b5 15. Ne3 Be6 16. Ndf1 Rxd1 17. Qxd1 Rd8 18. Qe2 c4 19. Nf5 Bf8 20. g4 Ne7 21. Be3 Bxf5 22. gxf5 Nc8 23. Rd1 Rxd1 24. Qxd1 Nd6 25. Ng3 Nb7 26. Qd2 Bc5 27. Nf1 Qb6 28. Qc2 Qd6 29. b4 cxb3 30. axb3 Bxe3 31. Nxe3 Nc5 32. c4 Qd4 33. b4 Nd3 34. cxb5 axb5 35. Qc8+ Kh7 36. Qb7 Qb2 37. Nd5 Qxf2+ 38. Kh1 Nh5 39. Qxf7 Ndf4 0-1

[Event "Vilnius Rating"]
[Site "Vilnius"]
[Date "2009.01.27"]
[Round "3"]
[White "Dobryninas, Julianas"]
[Black "Kaminskij, Sergej"]
[Result "1-0"]
[WhiteElo "2041"]
[BlackElo "2088"]
[PlyCount "87"]
[EventDate "2009.01.13"]
[EventType "tourn"]
[EventRounds "9"]
[EventCountry "LTU"]
[SourceTitle "EXT 2012"]
[Source "ChessBase"]
[SourceDate "2011.11.24"]
[SourceVersion "1"]
[SourceVersionDate "2011.11.24"]
[SourceQuality "1"]

1. d4 d5 2. Nc3 Nf6 3. Bf4 c6 4. e3 Bf5 5. h3 e6 6. g4 Bg6 7. Nge2 Qa5 8. a3 Nbd7 9. b4 Qd8 10. Ng3 h6 11. h4 b5 12. Bd3 Bxd3 13. cxd3 a5 14. Rb1 axb4 15. axb4 Ra3 16. Qc1 Qa8 17. f3 Nb6 18. 0-0 Be7 19. e4 Ra7 20. e5 Nfd7 21. h5 Na4 22. Nce2 Qb7 23. Bd2 Qb6 24. f4 Ra6 25. Kg2 f6 26. f5 fxe5 27. fxe6 Nf8 28. dxe5 Nxe6 29. Nf5 d4 30. Nf4 Nxf4+ 31. Bxf4 Rg8 32. Nd6+ Kd7 33. e6+ Kxe6 34. Qe1+ Kd7 35. Qe5 c5 36. Rbe1 Bxd6 37. Qe6+ Kc7 38. Qxg8 Qc6+ 39. Kg1 Nb6 40. Re6 Nc8 41. Bxd6+ Nxd6 42. Qxg7+ Kb6 43. Rxd6 Qxd6 44. Rf6 1-0

[Event "Vilnius Rating"]
[Site "Vilnius"]
[Date "2009.01.13"]
[Round "1"]
[White "Smirnovas, Jevgenijus"]
[Black "Kaminskij, Sergej"]
[Result "1/2-1/2"]
[WhiteElo "1960"]
[BlackElo "2088"]
[PlyCount "68"]
[EventDate "2009.01.13"]
[EventType "tourn"]
[EventRounds "9"]
[EventCountry "LTU"]
[SourceTitle "EXT 2012"]
[Source "ChessBase"]
[SourceDate "2011.11.24"]
[SourceVersion "1"]
[SourceVersionDate "2011.11.24"]
[SourceQuality "1"]

1. e4 Nf6 2. Nc3 d5 3. e5 d4 4. exf6 dxc3 5. fxg7 cxd2+ 6. Qxd2 Qxd2+ 7. Bxd2 Bxg7 8. c3 Bf5 9. Ne2 Nc6 10. Ng3 Bg6 11. Bb5 0-0 12. 0-0 Ne5 13. f4 Bd3 14. Bxd3 Nxd3 15. Rab1 Rfd8 16. Be3 c5 17. Ne4 b6 18. a4 c4 19. Nf2 Nxf2 20. Kxf2 Rd3 21. g3 f5 22. Ke2 Kf7 23. Rfd1 Rad8 24. Rxd3 Rxd3 25. a5 Rd5 26. axb6 axb6 27. Bxb6 Rb5 28. Bd4 Bxd4 29. cxd4 c3 30. b3 c2 31. Rc1 Rxb3 32. Rxc2 Ke6 33. Rd2 Kd5 34. Kf2 e6 1/2-1/2